000 01086cam a2200253 4500
001 ABS61343
008 000000n1999 000 0 eng u
035 _a(Sirsi) u100829
100 _aBuckley, M.P.
245 _aEight steps to a strategic plan for corporate real estate and possible portfolio exit strategies
260 _c1999
490 _aJournal of Corporate Real Estate
_v1(4) September 1999, 361-367(7)
520 _aAfter mergers or acquisitions there is often pressure on organisations to 'rationalise'. This article explores an 'Eight step strategic plan' to evaluate building types, ocupancy and operating costs, and compare corporate occupancy with external real estate market. Also recommends a Special Purpose Vehicle to move assets off the balance sheet.
590 _aABS
650 _aREAL ESTATE
650 _aOCCUPANCY COSTS
650 _aOPERATING COSTS
650 _aEXIT STRATEGY
650 _aSPECIAL PURPOSE VEHICLE
650 _aSTRATEGIC PLANNING
650 _aCORPORATE PROPERTY
690 _aCOMMERCIAL PROPERTY-MANAGEMENT
942 _n0
999 _c60238
_d60238